Environmental science / (Record no. 16635)
[ view plain ]
| 000 -LEADER | |
|---|---|
| fixed length control field | 01652cam a2200397 i 4500 |
| 001 - CONTROL NUMBER | |
| control field | 16870190 |
| 005 - DATE AND TIME OF LATEST TRANSACTION | |
| control field | 20161116091535.0 |
| 008 - FIXED-LENGTH DATA ELEMENTS--GENERAL INFORMATION | |
| fixed length control field | 110713t20132013cauabc 001 0 eng d |
| 010 ## - LIBRARY OF CONGRESS CONTROL NUMBER | |
| LC control number | 2011934330 |
| 016 7# - NATIONAL BIBLIOGRAPHIC AGENCY CONTROL NUMBER | |
| Record control number | 016040344 |
| Source | Uk |
| 020 ## - INTERNATIONAL STANDARD BOOK NUMBER | |
| International Standard Book Number | 9781111988937 |
| 020 ## - INTERNATIONAL STANDARD BOOK NUMBER | |
| International Standard Book Number | 1111988935 |
| 035 ## - SYSTEM CONTROL NUMBER | |
| System control number | (OCoLC)ocn741539226 |
| 040 ## - CATALOGING SOURCE | |
| Original cataloging agency | BTCTA |
| Language of cataloging | eng |
| Description conventions | rda |
| Transcribing agency | BTCTA |
| Modifying agency | YDXCP |
| -- | YPM |
| -- | BWX |
| -- | UKMGB |
| -- | DLC |
| 042 ## - AUTHENTICATION CODE | |
| Authentication code | lccopycat |
| 050 00 - LIBRARY OF CONGRESS CALL NUMBER | |
| Classification number | GE105.M544 2013 |
| Item number | .M544 2013 |
| 100 1# - MAIN ENTRY--PERSONAL NAME | |
| Personal name | Miller, G. Tyler |
| Fuller form of name | (George Tyler), |
| Dates associated with a name | 1931- |
| 245 10 - TITLE STATEMENT | |
| Title | Environmental science / |
| Statement of responsibility, etc. | G. Tyler Miller, Scott E. Spoolman. |
| 250 ## - EDITION STATEMENT | |
| Edition statement | 14th edition. |
| 300 ## - PHYSICAL DESCRIPTION | |
| Extent | xiv, 465, [85] pages : |
| Other physical details | color illustrations., maps, ports. ; |
| Dimensions | 28 cm |
| 500 ## - GENERAL NOTE | |
| General note | Includes index. |
| 650 #0 - SUBJECT ADDED ENTRY--TOPICAL TERM | |
| Topical term or geographic name as entry element | Environmental sciences |
| Form subdivision | Textbooks. |
| 650 #0 - SUBJECT ADDED ENTRY--TOPICAL TERM | |
| Topical term or geographic name as entry element | Human ecology |
| Form subdivision | Textbooks. |
| 650 #0 - SUBJECT ADDED ENTRY--TOPICAL TERM | |
| Topical term or geographic name as entry element | Environmental protection |
| Form subdivision | Textbooks. |
| 700 1# - ADDED ENTRY--PERSONAL NAME | |
| Personal name | Spoolman, Scott. |
| 856 42 - ELECTRONIC LOCATION AND ACCESS | |
| Materials specified | Publisher description |
| Uniform Resource Identifier | <a href="http://www.loc.gov/catdir/enhancements/fy1212/2011934330-d.html">http://www.loc.gov/catdir/enhancements/fy1212/2011934330-d.html</a> |
| 856 41 - ELECTRONIC LOCATION AND ACCESS | |
| Materials specified | Table of contents only |
| Uniform Resource Identifier | <a href="http://www.loc.gov/catdir/enhancements/fy1212/2011934330-t.html">http://www.loc.gov/catdir/enhancements/fy1212/2011934330-t.html</a> |
| 856 42 - ELECTRONIC LOCATION AND ACCESS | |
| Materials specified | Contributor biographical information |
| Uniform Resource Identifier | <a href="http://www.loc.gov/catdir/enhancements/fy1303/2011934330-b.html">http://www.loc.gov/catdir/enhancements/fy1303/2011934330-b.html</a> |
| 906 ## - LOCAL DATA ELEMENT F, LDF (RLIN) | |
| a | 7 |
| b | cbc |
| c | copycat |
| d | 2 |
| e | epcn |
| f | 20 |
| g | y-gencatlg |
| 942 ## - ADDED ENTRY ELEMENTS (KOHA) | |
| Source of classification or shelving scheme | |
| Koha item type | Hard Covered Materials |
| Classification part | GE105.M544 2013 |
| Withdrawn status | Lost status | Source of classification or shelving scheme | Damaged status | Not for loan | Home library | Current library | Shelving location | Date acquired | Source of acquisition | Total Checkouts | Full call number | Barcode | Date last seen | Price effective from | Koha item type |
|---|---|---|---|---|---|---|---|---|---|---|---|---|---|---|---|
| MACHAKOS UNIVERSITY LIBRARY | MACHAKOS UNIVERSITY LIBRARY | Open shelf | 16/11/2016 | Donation(B.F.A) | GE105.M544 2013 | 27826 | 18/11/2016 | 16/11/2016 | Hard Covered Materials |